| 000 | 00365nam a2200145Ia 4500 | ||
|---|---|---|---|
| 008 | 150201s1995 xx 000 0 und d | ||
| 082 |
_a610 _bD1995D |
||
| 100 | _aDHINGRA, P.L. | ||
| 245 | _aDISEASE OF EAR, NOSE & THROAT | ||
| 250 | _a1ST | ||
| 260 |
_bCHURCHILL LIVINGSTONE _aEDINBURGH _c1995 |
||
| 300 | _a1-502 | ||
| 650 | _aGENERAL DENTISTRY | ||
| 942 |
_2ddc _cBK |
||
| 999 |
_c3294 _d3294 |
||